| Tag |
First Indicator |
Second Indicator |
Subfields |
| LEADER |
00000cam a22000008a 4500 |
| 001 |
in00000934621 |
| 005 |
20150925090841.0 |
| 008 |
880915s1989 ne b 00110 eng |
| 010 |
|
|
|a 88007598
|
| 020 |
|
|
|a 9027235511 (alk. paper) :
|c $71.00 (U.S.)
|
| 035 |
|
|
|a (OCoLC)18557406
|
| 035 |
|
|
|9 AER2907AM
|
| 040 |
|
|
|a DLC
|c DLC
|d FIL
|d TXA
|d UtOrBLW
|
| 043 |
|
|
|a e-gr---
|
| 049 |
|
|
|a TXAM
|c [A13400680]
|
| 050 |
0 |
0 |
|a PA610
|b .B8 1988
|
| 050 |
|
4 |
|a PA610
|b .B8 1989
|
| 082 |
0 |
|
|a 480/.1/9
|2 19
|
| 100 |
1 |
|
|a Bubeník, Vít,
|d 1942-
|
| 245 |
1 |
0 |
|a Hellenistic and Roman Greece as a sociolinguistic area /
|c Vit Bubenik.
|
| 264 |
|
1 |
|a Amsterdam ;
|a Philadelphia :
|b J. Benjamins,
|c 1989.
|
| 300 |
|
|
|a xv, 331 pages :
|b illustrations
|
| 336 |
|
|
|a text
|b txt
|2 rdacontent
|
| 337 |
|
|
|a unmediated
|b n
|2 rdamedia
|
| 338 |
|
|
|a volume
|b nc
|2 rdacarrier
|
| 490 |
1 |
|
|a Current issues in linguistic theory ;
|v v.57
|
| 504 |
|
|
|a Includes bibliographical references and index.
|
| 650 |
|
0 |
|a Greek language, Hellenistic (300 B.C.-600 A.D.)
|x Social aspects
|z Greece.
|
| 650 |
|
0 |
|a Greek language, Hellenistic (300 B.C.-600 A.D.)
|x Variation.
|
| 650 |
|
0 |
|a Greek language, Hellenistic (300 B.C.-600 A.D.)
|x Dialects.
|
| 650 |
|
0 |
|a Civilization, Greco-Roman.
|
| 830 |
|
0 |
|a Amsterdam studies in the theory and history of linguistic science. Series IV, Current issues in linguistic theory ;
|v v. 57.
|
| 999 |
|
|
|a MARS
|
| 999 |
f |
f |
|s d1f23fd5-d1a8-3b50-84ff-dcb0a39467ef
|i 3bc17018-1f98-32f8-89e4-1f9773c229dc
|t 0
|
| 952 |
f |
f |
|p ric
|a Texas A&M University
|b Rellis Campus
|c Joint Library Facility
|d Remote Storage
|t 0
|e PA610 .B8 1989
|h Library of Congress classification
|i unmediated -- volume
|m A14813400680
|
| 998 |
f |
f |
|a PA610 .B8 1989
|t 0
|l Remote Storage
|